Transformácia NATO a bezpečnostná a obranná politika SR

Gespeichert in:
Bibliographische Detailangaben
1. Verfasser: Kmec, Vladimír
Weitere Verfasser: Korba, Matúš, Ondrejcsák, Robert
Format: Buch
Sprache:Slowakisch
Veröffentlicht: Bratislava Centrum bezpečnostnych štúdií [2004]
Schlagworte:
Tags: Tag hinzufügen
Keine Tags, Fügen Sie das erste Tag hinzu!

MARC

LEADER 00000nam a2200000 4500
001 0288803
005 20251210101701.8
020 |a 808941-82-5 
041 0 |a slo 
044 |a SK 
245 1 0 |a Transformácia NATO a bezpečnostná a obranná politika SR  |c Vladimír Kmec, Matúš Korba, Robert Ondrejcsák 
264 1 |a Bratislava  |b Centrum bezpečnostnych štúdií  |c [2004] 
300 |a 154 s. 
610 2 0 |a NATO 
610 2 0 |a vojna studená 
610 2 0 |a integrácia 
610 2 0 |a politika bezpečnostná 
610 2 0 |a politika obranná 
610 2 0 |a sily ozbrojené 
610 2 0 |a Slovensko 
100 1 |a Kmec, Vladimír 
700 1 |a Korba, Matúš 
700 1 |a Ondrejcsák, Robert